|
|
|
|
| LEADER |
01334cas a2200325 a 4500 |
| 001 |
14184836 |
| 008 |
130117c20079999dcugr 0 a0eng d |
| 010 |
|
|
|a 2005215924
|
| 040 |
|
|
|a NSDP
|c NSDP
|d NSDP
|d InU
|d TNJ
|d MCM
|d DLC
|d NSDP
|d DLC
|d NSDP
|d DNAL
|d InU
|d OCoLC
|d BD-DhAAL
|
| 082 |
1 |
0 |
|a 333.7
|2 14
|
| 210 |
0 |
|
|a Sci. mag. state planet
|
| 222 |
|
0 |
|a Science magazine's state of the planet
|
| 245 |
0 |
0 |
|a Science magazine's state of the planet.
|
| 246 |
3 |
0 |
|a State of the planet
|
| 260 |
|
|
|a Washington, D.C. :
|b Island Press,
|c 2008
|
| 300 |
|
|
|a v. :
|b ill. ;
|c 25 cm.
|
| 310 |
|
|
|a Biennial
|
| 362 |
0 |
|
|a 2006/2007-
|
| 500 |
|
|
|a Latest issue consulted: 2008/2009.
|
| 550 |
|
|
|a Issued by: American Association for the Advancement of Science.
|
| 541 |
1 |
|
|e 00026527
|
| 650 |
|
0 |
|a Human ecology
|v Periodicals.
|
| 650 |
|
0 |
|a Natural resources
|v Periodicals.
|
| 650 |
|
0 |
|a Climatic changes
|v Periodicals.
|
| 710 |
2 |
|
|a American Association for the Advancement of Science.
|
| 730 |
0 |
|
|a Science (New York, N.Y.)
|
| 787 |
0 |
|
|t Science (New York, N.Y.)
|x 0036-8075
|w (DLC) 17024346
|w (OCoLC)1644869
|
| 852 |
1 |
|
|a Ayesha Abed library
|c General Shelf
|
| 999 |
|
|
|c 13122
|d 13122
|
| 952 |
|
|
|0 0
|1 0
|2 ddc
|4 0
|6 333_700000000000000_SCI
|7 0
|9 21841
|a JPGSPH
|b JPGSPH
|c GEN
|d 2013-01-21
|e Trim Education
|g 6414.00
|l 0
|o 333.7 SCI
|p 3060026527
|r 2013-01-21
|t 1
|w 2013-01-21
|y BK
|